LEADER 01481nam2 22003253i 450 001 VAN0092957 005 20130312010546.458 100 $a20130307d1967 |0itac50 ba 101 $afre$aLAT 102 $aFR 105 $a|||| ||||| 200 1 $aˆ<<‰Correspondance>> 4$fCicéron$gtexte établi et traduit par L. A. Constans et Jean Bayet Paris : Les belles lettres, 1967 210 $d1 v. (varie sequenze) ; 21 cm 215 $aTesto latino a fronte. 461 1$1001VAN0092941$12001 $aCorrespondance$fCicéron$1210 $aParis$cLes belles lettres$1215 $av.$d21 cm.$v4 620 $dParis$3VANL000046 700 1$aCicero$bMarcus Tullius$3VANV009883$082411 702 1$aConstans$bLéopold A.$3VANV074761 712 $aLes belles lettres $3VANV109337$4650 790 1$aCicerone, Marco Tullio$zCicero, Marcus Tullius$3VANV009447 790 0$aCicerone$zCicero, Marcus Tullius$3VANV009448 790 0$aCicéron$zCicero, Marcus Tullius$3VANV055928 790 1$aCicero, Marcus T.$zCicero, Marcus Tullius$3VANV025808 790 1$aConstans, Léopold Albert$zConstans, Léopold A.$3VANV074770 801 $aIT$bSOL$c20230616$gRICA 899 $aBIBLIOTECA DEL DIPARTIMENTO DI GIURISPRUDENZA$1IT-CE0105$2VAN00 912 $aVAN0092957 950 $aBIBLIOTECA DEL DIPARTIMENTO DI GIURISPRUDENZA$d00CONS XVIII.R.31 $e00 2431 20130307 996 $aCorrespondance 4$91433618 997 $aUNICAMPANIA